00618nam a2200181 i 4500001000300000100002500003245007200028260003400100490005100134830002300185040000800208041000800216942000700224008004100231999001700272856009800289952004900387bg1 aKARPIŃSKI, Lesław 0aElektryczne układy impulsowe wielkich mocy /cLesław Karpiński. aPoznań :bWydaw. PP,c1991.1 aRozprawy =aPolitechnika Poznańska ;vnr 248 0aRozprawy ;vnr 248 cBPK apol cKS s pl f |000 0 pol  c29442d29442 uhttp://koha.tu.koszalin.pl/cgi-bin/koha/opac-detail.pl?biblionumber=29442yKatalog online BPK 00104070aBPKbBPKcwo35611p01428254yKS